Win the Olympics by Guessing Countries - Statistics

General Stats
  • This quiz has been taken 417 times
  • The average score is 94 of 210
Answer Stats
# Country % Correct
1,023 United States
99%
225 China
92%
216 France
89%
263 United Kingdom
87%
191 Germany
86%
149 Russia
86%
142 Japan
79%
45 Spain
77%
64 Canada
76%
207 Italy
76%
147 Australia
72%
30 Brazil
67%
13 Mexico
64%
145 Sweden
58%
90 South Korea
57%
56 Norway
56%
68 Poland
46%
101 Finland
43%
9 India
43%
85 Netherlands
43%
4 Portugal
43%
21 Argentina
40%
46 New Zealand
39%
40 Belgium
32%
45 Denmark
32%
34 Ukraine
32%
33 Greece
31%
22 Jamaica
31%
39 Turkey
31%
18 Austria
30%
175 Hungary
29%
50 Switzerland
27%
89 Romania
26%
78 Cuba
24%
9 Ireland
22%
31 Kenya
21%
26 South Africa
21%
7 Indonesia
20%
15 Czech Republic
19%
51 Bulgaria
18%
21 Iran
18%
2 Chile
15%
5 Colombia
15%
7 Egypt
15%
16 North Korea
15%
3 Serbia
15%
1 Peru
13%
5 Taiwan
12%
3 Pakistan
11%
22 Ethiopia
10%
9 Slovakia
10%
11 Croatia
9%
3 Nigeria
9%
12 Belarus
8%
9 Thailand
8%
9 Estonia
7%
15 Kazakhstan
7%
3 Dominican Republic
6%
1 Israel
6%
1 Vietnam
6%
3 Latvia
5%
6 Morocco
5%
5 Slovenia
5%
1 United Arab Emirates
5%
2 Venezuela
5%
6 Lithuania
4%
2 Uruguay
4%
5 Algeria
3%
2 Armenia
3%
6 Bahamas
3%
1 Ecuador
3%
1 Fiji
3%
8 Georgia
3%
2 Mongolia
3%
1 Syria
3%
2 Uganda
3%
7 Azerbaijan
2%
1 Luxembourg
2%
1 Panama
2%
1 Singapore
2%
7 Uzbekistan
2%
3 Cameroon
1%
1 Costa Rica
1%
1 Jordan
1%
3 Trinidad and Tobago
1%
4 Tunisia
1%
2 Bahrain
0%
1 Burundi
0%
1 Grenada
0%
1 Ivory Coast
0%
1 Kosovo
0%
1 Mozambique
0%
1 Suriname
0%
1 Tajikistan
0%
3 Zimbabwe
0%
No matching quizzes found
Score Distribution
Percent of People with Each Score
Percentile by Number Answered
Your Score History
You have not taken this quiz